Week 3 2023-24 NFL Stat Leaders - Statistics

General Stats
  • This quiz has been taken 67 times
  • The average score is 27 of 30
Answer Stats
Answer % Correct
Justin Herbert
100%
Kirk Cousins
98%
Brock Purdy
96%
CJ Stroud
96%
Geno Smith
96%
Jimmy Garoppolo
96%
Keenan Allen
96%
Russell Wilson
96%
Tua Tagovailoa
96%
Deshaun Watson
94%
Tyreek Hill
94%
Adam Thielen
92%
A.J. Brown
92%
D'Andre Swift
92%
Justin Jefferson
92%
Tony Pollard
92%
Davante Adams
90%
Deebo Samuel
90%
Devon Achane
90%
Ja'Marr Chase
90%
James Conner
90%
James Cook
90%
Kenneth Walker III
90%
Tank Dell
88%
Alexander Mattison
85%
Travis Etienne
85%
Mike Williams
81%
Andy Dalton
79%
Lamar Jackson
79%
Zach Moss
75%
No matching quizzes found
Score Distribution
Percent of People with Each Score
Percentile by Number Answered
Your Score History
You have not taken this quiz